Wycombe DC v Michael Shanly Group Ltd (Record no. 13428)

MARC details
000 -LEADER
fixed length control field 01054cab a2200205 4500
001 - CONTROL NUMBER
control field ABS51291
008 - FIXED-LENGTH DATA ELEMENTS--GENERAL INFORMATION
fixed length control field 090401t1994 xxu||||| |||| 00| 0 eng d
035 ## - SYSTEM CONTROL NUMBER
System control number (Sirsi) u20044
041 ## - LANGUAGE CODE
Language code of text/sound track or separate title eng
245 ## - TITLE STATEMENT
Title Wycombe DC v Michael Shanly Group Ltd
260 ## - PUBLICATION, DISTRIBUTION, ETC.
Date of publication, distribution, etc. 1994
350 ## - PRICE (NR) (BK AM CF MU VM SE) [OBSOLETE]
Price 0
490 ## - SERIES STATEMENT
Series statement Property and Compensation Reports
Volume/sequential designation (1994) 67 PCR 374-378(5)
520 ## - SUMMARY, ETC.
Summary, etc. QBD 12 July 1993. M was owner and occupier of land on which an advertising hoarding was erected and used without his permission. W charged M with contravening regulations under Town and Country Planning Act 1990 s220. This was dismissed on the grounds the hoarding was erected without M`s knowledge or permission and he had taken all proper steps to remove the advertisements once his attention was drawn to them. W appealed. Appeal dismissed on the grounds of lack of consent to the hoarding by M.
650 ## - SUBJECT ADDED ENTRY--TOPICAL TERM
Topical term or geographic name entry element ADVERTISING HOARDINGS
650 ## - SUBJECT ADDED ENTRY--TOPICAL TERM
Topical term or geographic name entry element TOWN AND COUNTRY PLANNING ACT 1990 S220
690 ## - LOCAL SUBJECT ADDED ENTRY--TOPICAL TERM (OCLC, RLIN)
Topical term or geographic name as entry element PLANNING LAW AND PRACTICE-CASE LAW
942 ## - ADDED ENTRY ELEMENTS (KOHA)
Suppress in OPAC 0
948 ## - LOCAL PROCESSING INFORMATION (OCLC); SERIES PART DESIGNATOR (RLIN)
c (OCLC) 04/03/1997
Holdings
Withdrawn status Lost status Source of classification or shelving scheme Damaged status Not for loan Home library Current library Shelving location Date acquired Total Checkouts Full call number Barcode Date last seen Copy number Price effective from Koha item type
    Dewey Decimal Classification     London London Journal article 14/09/1999   ABS51291 20044-1001 06/08/2019 1 06/08/2019 Law report